000
00250nam a2200109Ia 4500
008
200302s9999 xx 000 0 und d
100
_a
Bob wIlcox and Jerome Markson
245
_a
Doors
260
_b
Firefly Books Ltd.
260
_c
2009
300
_a
272
999
_c
3583
_d
3583